<?xml version="1.0" encoding="UTF-8"?>
<record
    xmlns:xsi="http://www.w3.org/2001/XMLSchema-instance"
    xsi:schemaLocation="http://www.loc.gov/MARC21/slim http://www.loc.gov/standards/marcxml/schema/MARC21slim.xsd"
    xmlns="http://www.loc.gov/MARC21/slim">

  <leader>05876njm a2200637Ia 4500</leader>
  <controlfield tag="001">E7177</controlfield>
  <controlfield tag="003">IT-RoPAU</controlfield>
  <controlfield tag="005">20220918181139.0</controlfield>
  <controlfield tag="008">131025s9999    xx            000 0 und d</controlfield>
  <datafield tag="040" ind1=" " ind2=" ">
    <subfield code="a">IT-RoPAU</subfield>
  </datafield>
  <datafield tag="040" ind1=" " ind2=" ">
    <subfield code="c">IT-RoPAU</subfield>
  </datafield>
  <datafield tag="999" ind1=" " ind2=" ">
    <subfield code="c">101120</subfield>
    <subfield code="d">101120</subfield>
  </datafield>
  <datafield tag="999" ind1=" " ind2=" ">
    <subfield code="b">n.d.</subfield>
  </datafield>
  <datafield tag="100" ind1=" " ind2=" ">
    <subfield code="a">AA.VV.</subfield>
    <subfield code="9">794</subfield>
  </datafield>
  <datafield tag="100" ind1=" " ind2=" ">
    <subfield code="e">Autore musica</subfield>
    <subfield code="9">31839</subfield>
  </datafield>
  <datafield tag="100" ind1=" " ind2=" ">
    <subfield code="g">Codice autore musica SPICS: 12000</subfield>
    <subfield code="9">796</subfield>
  </datafield>
  <datafield tag="245" ind1=" " ind2=" ">
    <subfield code="a">Caprice</subfield>
  </datafield>
  <datafield tag="250" ind1=" " ind2=" ">
    <subfield code="a">2a ed.</subfield>
  </datafield>
  <datafield tag="260" ind1=" " ind2=" ">
    <subfield code="a">MILANO</subfield>
  </datafield>
  <datafield tag="260" ind1=" " ind2=" ">
    <subfield code="b">RUSCONI</subfield>
    <subfield code="c">1997 [1a Ed.:]</subfield>
  </datafield>
  <datafield tag="300" ind1=" " ind2=" ">
    <subfield code="a">COMPACT DISC</subfield>
  </datafield>
  <datafield tag="300" ind1=" " ind2=" ">
    <subfield code="c">68 minuti (Testo:  pag.)</subfield>
  </datafield>
  <datafield tag="500" ind1=" " ind2=" ">
    <subfield code="a">Musica jazz. Cd fuori commercio allegato al n. 4 1997 della rivista "Musica jazz.</subfield>
  </datafield>
  <datafield tag="505" ind1=" " ind2=" ">
    <subfield code="a">Improvviso [(Milano 1958) (3:00)] - I'll Remember April [(Milano 1959) (3:00)] - Circeo [(Milano 1960) (5:00)] - Confirmation [(Milano 1961) (7:00)] - The Man With Golden Arm [(Milano 1963) (3:00)] - Well Said! [(Marina di Carrara 1968) (6:00)] - Move It! [(Milano 1969) (4:00)] - Caravan [(Rovereto 1975) (8:00)] - Sweet Georgia Brown [(Rovereto 1975) (8:00)] - Caprice [(Milano 1972) (4:00)] - Bloom [(La Spezia 1992) (6:00)] - Oh, Lady Be Good! [(Milano 1965) (4:00)] - The Skin Stretch [(Milano 1987) (6:00)] - Black and Blue [(Sori 1991) (8:00)]</subfield>
  </datafield>
  <datafield tag="511" ind1=" " ind2=" ">
    <subfield code="a">Valdambrini Oscar: tr; Midana Mario: trne; Valenti Sergio: alto; Basso Gianni: ten; Papetti Fausto: bar; Intra Enrico: p; Pisano Berto: cb; Cuppini Gil: batt; Ottetto Cuppini Gil</subfield>
  </datafield>
  <datafield tag="511" ind1=" " ind2=" ">
    <subfield code="a">Valdambrini Oscar: tr; Basso Gianni: ten; Gullin Lars: bar, arr; Sellani Renato: p; Azzolini Giorgio: cb; Cuppini Gil: batt; Cuppini Gil Quintet Featuring Gullin Lars</subfield>
  </datafield>
  <datafield tag="511" ind1=" " ind2=" ">
    <subfield code="a">Fanni Sergio: tr; Volont&#xE9; Eraldo: ten; Righello Ettore: p, arr; Buratti Giorgio: cb; Cuppini Gil: batt; Cuppini Gil Quintet</subfield>
  </datafield>
  <datafield tag="511" ind1=" " ind2=" ">
    <subfield code="a">Gojkovic Dusko: tr; Wilen Barney: ten, arr; Gruntz George: p; Geier K.T.: cb; Cuppini Gil: batt; Cuppini Gil Quintet</subfield>
  </datafield>
  <datafield tag="511" ind1=" " ind2=" ">
    <subfield code="a">Lisa Monna, Codacu Mario, Cini Ruggero, Morelli Paolo: voce; Cuppini Gil: batt, arr; Cuppini Gil Dance and Vocal Mix </subfield>
  </datafield>
  <datafield tag="511" ind1=" " ind2=" ">
    <subfield code="a">Lini Fermo, Corvini Alberto, Soana Emilio, Valdambrini Oscar, Gojkovic Dusko: tr; Pezzotta Mario, Piana Dino, Castriotta Nicola, Gagliardi Cesare: trne; Masetti Glauco, Valenti Sergio: alto; Basso Gianni, Volont&#xE9; Eraldo: ten; Rigon Sergio: bar, fl; Righello Ettore: p; Azzolini Giorgio: cb; Cuppini Gil: batt, arr; Cuppini Gil Big Band Featuring Gojkovic Dusko</subfield>
  </datafield>
  <datafield tag="511" ind1=" " ind2=" ">
    <subfield code="a">Soana Emio, Lini Fermo, Moretti Bruno, Valdambrini Oscar: tr; Castriotta Nicola, Migliardi Rudy, Gagliardi Cesare, Bergamasco Beppe: trne; Masetti Glauco, Barigozzi Giancarlo: alto; Basso Gianni, Bergonzi Cesare: ten; Rigon Sergio: bar; Righello Ettore: p; Azzolini Giorgio: cb; Sola Carlo; bongo; Cuppini Gil: batt, arr; Cuppini Gil Big Band</subfield>
  </datafield>
  <datafield tag="511" ind1=" " ind2=" ">
    <subfield code="a">Venuti Joe: viol; Tomelleri Paolo: alto; De Luca Nando: p; Parisi Tony: cb; Cuppini Gil: batt; Venuti Joe Quintet</subfield>
  </datafield>
  <datafield tag="511" ind1=" " ind2=" ">
    <subfield code="a">Soana Emilio, Lini Fermo, Biasutti Luciano, Fanni Sergio: tr; Castriotta Nicola, Bergamasco Beppe: trne; Volont&#xE9; Eraldo: sop; Rigon Sergio, Barigozzi Giancarlo: ten; Poletti Athos: bar; Pizzigoni Alberto: chit; Milano Carlo: cb; Cuppini Gil: batt, arr; Cuppini Gil Big Band</subfield>
  </datafield>
  <datafield tag="511" ind1=" " ind2=" ">
    <subfield code="a">Peroni Rudy: p; Parisi Tony: cb; Cuppini Gil: batt, arr</subfield>
  </datafield>
  <datafield tag="511" ind1=" " ind2=" ">
    <subfield code="a">Lini Fermo, Faglia Angelo, Grimaldi Renato, Valdambrini Oscar: tr; Castriotta Nicola, Piana Dino, Gagliardi Cesare, Del Vecchio Angelo: trne; Masetti Glauco: cl; Barigozzi Giancarlo: alto; Basso Gianni, Volont&#xE9; Eraldo: ten; Poletti Athos: bar; Righello Ettore: p, arr; Pizzigoni Alberto: chit; Azzolini Giorgio: cb; Cuppini Gil: batt; Gosio Piero: arr; Orchestra Jazz Cuppini Gil</subfield>
  </datafield>
  <datafield tag="511" ind1=" " ind2=" ">
    <subfield code="a">Soana Emilio, Brusco Fernando: tr; Fassi Moreno, Salvi Pier Luigi: trne; Comeglio Gabriele, Barbieri Paolo, Allifranchini Claudio, Porro Gianfranco: sax; Brioschi Paolo: p; Minotti Danilo: chit; Fioravanti Riccardo: cb; Cuppini Gil: batt; Jazz Class Orchestra Featuring Cuppini Gil</subfield>
  </datafield>
  <datafield tag="511" ind1=" " ind2=" ">
    <subfield code="a">Wilber Bob: sop; Davern Kenny: cl; Zegna Riccardo: p; Zunino Aldo: cb; Cuppini Gil: batt; Summit Reunion</subfield>
  </datafield>
  <datafield tag="650" ind1=" " ind2=" ">
    <subfield code="a">JAZZ [COMPACT DISC]</subfield>
    <subfield code="e">Codice MATERIA SPICS: 9949</subfield>
    <subfield code="9">11822</subfield>
  </datafield>
  <datafield tag="700" ind1=" " ind2=" ">
    <subfield code="a">Cuppini Gil (Gilberto)</subfield>
    <subfield code="g">Codice interprete SPICS: 49186</subfield>
    <subfield code="e">Interprete</subfield>
    <subfield code="9">31840</subfield>
  </datafield>
  <datafield tag="700" ind1=" " ind2=" ">
    <subfield code="a">Angiolini Renato</subfield>
    <subfield code="g">Codice autore musica SPICS: 49191</subfield>
    <subfield code="e">Autore musica</subfield>
    <subfield code="p">Improvviso</subfield>
    <subfield code="9">31841</subfield>
  </datafield>
  <datafield tag="700" ind1=" " ind2=" ">
    <subfield code="a">Raye Don</subfield>
    <subfield code="g">Codice autore musica SPICS: 20467</subfield>
    <subfield code="e">Autore musica</subfield>
    <subfield code="p">I'll Remember April</subfield>
    <subfield code="9">31842</subfield>
  </datafield>
  <datafield tag="700" ind1=" " ind2=" ">
    <subfield code="a">De Paul G.</subfield>
    <subfield code="g">Codice autore SPICS: 20243</subfield>
    <subfield code="e">Autore</subfield>
    <subfield code="p">I'll Remember April</subfield>
    <subfield code="9">31843</subfield>
  </datafield>
  <datafield tag="700" ind1=" " ind2=" ">
    <subfield code="a">Fol Raymond</subfield>
    <subfield code="g">Codice autore musica SPICS: 49188</subfield>
    <subfield code="e">Autore musica</subfield>
    <subfield code="p">Circeo</subfield>
    <subfield code="9">31844</subfield>
  </datafield>
  <datafield tag="700" ind1=" " ind2=" ">
    <subfield code="a">Parker Charlie (B.)</subfield>
    <subfield code="g">Codice autore musica SPICS: 10799</subfield>
    <subfield code="e">Autore musica</subfield>
    <subfield code="p">Confirmation</subfield>
    <subfield code="9">31845</subfield>
  </datafield>
  <datafield tag="700" ind1=" " ind2=" ">
    <subfield code="a">Bernstein Elmer</subfield>
    <subfield code="g">Codice autore musica SPICS: 10759</subfield>
    <subfield code="e">Autore musica</subfield>
    <subfield code="p">The Man With Golden Arm</subfield>
    <subfield code="9">31846</subfield>
  </datafield>
  <datafield tag="700" ind1=" " ind2=" ">
    <subfield code="a">Cuppini Gil (Gilberto)</subfield>
    <subfield code="g">Codice autore musica SPICS: 49186</subfield>
    <subfield code="e">Autore musica</subfield>
    <subfield code="p">Well Said - Move It! - Caprice - Bloom</subfield>
    <subfield code="9">31847</subfield>
  </datafield>
  <datafield tag="700" ind1=" " ind2=" ">
    <subfield code="a">Ellington Duke</subfield>
    <subfield code="g">Codice autore musica SPICS: 13023</subfield>
    <subfield code="e">Autore musica</subfield>
    <subfield code="p">Caravan</subfield>
    <subfield code="9">31848</subfield>
  </datafield>
  <datafield tag="700" ind1=" " ind2=" ">
    <subfield code="a">Tizol Juan</subfield>
    <subfield code="g">Codice autore SPICS: 20356</subfield>
    <subfield code="e">Autore</subfield>
    <subfield code="p">Caravan</subfield>
    <subfield code="9">31849</subfield>
  </datafield>
  <datafield tag="700" ind1=" " ind2=" ">
    <subfield code="a">Bernie Green</subfield>
    <subfield code="g">Codice autore musica SPICS: 20241</subfield>
    <subfield code="e">Autore musica</subfield>
    <subfield code="d">Sweet Georgia Brown</subfield>
    <subfield code="9">31850</subfield>
  </datafield>
  <datafield tag="700" ind1=" " ind2=" ">
    <subfield code="a">Casey</subfield>
    <subfield code="g">Codice autore SPICS: 20242</subfield>
    <subfield code="e">Autore</subfield>
    <subfield code="p">Sweet Georgia Brown</subfield>
    <subfield code="9">31851</subfield>
  </datafield>
  <datafield tag="700" ind1=" " ind2=" ">
    <subfield code="a">Pinkard Maceo</subfield>
    <subfield code="g">Codice autore testo/musica SPICS: 16174</subfield>
    <subfield code="e">Autore testo/musica</subfield>
    <subfield code="p">Sweet Georgia Brown</subfield>
    <subfield code="9">31852</subfield>
  </datafield>
  <datafield tag="700" ind1=" " ind2=" ">
    <subfield code="a">Gershwin Ira</subfield>
    <subfield code="g">Codice autore musica SPICS: 10501</subfield>
    <subfield code="e">Autore musica</subfield>
    <subfield code="p">Oh, Lady Be Good!</subfield>
    <subfield code="9">31853</subfield>
  </datafield>
  <datafield tag="700" ind1=" " ind2=" ">
    <subfield code="a">Gershwin George</subfield>
    <subfield code="g">Codice autore SPICS: 10668</subfield>
    <subfield code="e">Autore</subfield>
    <subfield code="p">Oh, Lady Be Good!</subfield>
    <subfield code="9">31854</subfield>
  </datafield>
  <datafield tag="700" ind1=" " ind2=" ">
    <subfield code="a">Holman Bill</subfield>
    <subfield code="g">Codice autore musica SPICS: 18102</subfield>
    <subfield code="e">Autore musica</subfield>
    <subfield code="p">The Skin Stretch</subfield>
    <subfield code="9">31855</subfield>
  </datafield>
  <datafield tag="700" ind1=" " ind2=" ">
    <subfield code="a">Waller Thomas Fats</subfield>
    <subfield code="g">Codice autore musica SPICS: 15948</subfield>
    <subfield code="e">Autore musica</subfield>
    <subfield code="p">Black and Blue</subfield>
    <subfield code="9">31856</subfield>
  </datafield>
  <datafield tag="942" ind1=" " ind2=" ">
    <subfield code="c">CD</subfield>
    <subfield code="2">ddc</subfield>
  </datafield>
  <datafield tag="952" ind1=" " ind2=" ">
    <subfield code="0">0</subfield>
    <subfield code="1">0</subfield>
    <subfield code="4">0</subfield>
    <subfield code="6">E_7177_000000000000000</subfield>
    <subfield code="7">1</subfield>
    <subfield code="a">SPICS</subfield>
    <subfield code="b">SPICS</subfield>
    <subfield code="d">2013-10-25</subfield>
    <subfield code="l">0</subfield>
    <subfield code="o">E7177</subfield>
    <subfield code="r">2013-10-25 00:00:00</subfield>
    <subfield code="w">2013-10-25</subfield>
    <subfield code="y">CD</subfield>
    <subfield code="z">Progr. Ins.: 2689 / N.Vol.: 1 / Copie: 1 - Copia rara: n.d. / date import: 01.01.2014 - By Epidotti, Trombetti, Vaglietti</subfield>
  </datafield>
</record>
